Statistics for People by Country #1

Click here to take the quiz!

General Stats

  • This quiz has been taken 33,322 times
    (29,579 since last reset)
  • The average score is 15 of 24

Answer Stats

PersonCountry% Correct
Yao MingChina
99%
Justin BieberCanada
92%
Wolfgang Amadeus MozartAustria
83%
Ho Chi MinhVietnam
81%
BjörkIceland
77%
Christopher ColumbusItaly
74%
Hans Christian AndersenDenmark
72%
Oscar WildeIreland
72%
Victor HugoFrance
69%
Vasco da GamaPortugal
66%
King LeonidasGreece
62%
Mustafa AtatürkTurkey
62%
Emily DickinsonUnited States
62%
Lech WałęsaPoland
60%
Desmond TutuSouth Africa
58%
Augusto PinochetChile
55%
Idi AminUganda
51%
Gabriel García MárquezColombia
45%
Didier DrogbaIvory Coast
44%
Greta GarboSweden
40%
Manuel NoriegaPanama
39%
Oksana BaiulUkraine
37%
Cyrus the GreatIran
36%
CharoSpain
19%

Score Distribution

Percentile by Number Answered

Percent of People with Each Score

Your Score History

You have not taken this quiz since the last reset